Thai stick : (Record no. 3231)

MARC details
000 -LEADER
fixed length control field 03044cam a2200397 i 4500
001 - CONTROL NUMBER
control field 3231
003 - CONTROL NUMBER IDENTIFIER
control field FISKH
005 - DATE AND TIME OF LATEST TRANSACTION
control field 20240220161717.0
008 - FIXED-LENGTH DATA ELEMENTS--GENERAL INFORMATION
fixed length control field 130405t20142014nyuab b s001 0 eng
010 ## - LIBRARY OF CONGRESS CONTROL NUMBER
LC control number 2013008590
020 ## - INTERNATIONAL STANDARD BOOK NUMBER
International Standard Book Number 9780231161343 (cloth : acidfree paper)
020 ## - INTERNATIONAL STANDARD BOOK NUMBER
International Standard Book Number 0231161344 (cloth : acidfree paper)
020 ## - INTERNATIONAL STANDARD BOOK NUMBER
Canceled/invalid ISBN 9780231535564 (electronic)
020 ## - INTERNATIONAL STANDARD BOOK NUMBER
Canceled/invalid ISBN 9780231161343
040 ## - CATALOGING SOURCE
Original cataloging agency DLC
Language of cataloging eng
Transcribing agency DLC
Description conventions rda
Modifying agency DLC
042 ## - AUTHENTICATION CODE
Authentication code pcc
043 ## - GEOGRAPHIC AREA CODE
Geographic area code a-th---
050 00 - LIBRARY OF CONGRESS CALL NUMBER
Classification number HD9019.M382
Item number T553 2014
082 00 - DEWEY DECIMAL CLASSIFICATION NUMBER
Classification number 363.4509593
Edition number 23
100 1# - MAIN ENTRY--PERSONAL NAME
Personal name Maguire, Peter
Fuller form of name (Peter H.)
245 10 - TITLE STATEMENT
Title Thai stick :
Remainder of title surfers, scammers, and the untold story of the marijuana trade /
Statement of responsibility, etc. Peter Maguire and Mike Ritter ; foreword by David Farber.
260 ## - PUBLICATION, DISTRIBUTION, ETC.
Place of publication, distribution, etc. New York :
Name of publisher, distributor, etc. Columbia University Press,
Date of publication, distribution, etc. 2014
300 ## - PHYSICAL DESCRIPTION
Extent 236 pages :
Other physical details illustrations, maps ;
Dimensions 24 cm
336 ## - CONTENT TYPE
Content type term text
Source rdacontent
337 ## - MEDIA TYPE
Media type term unmediated
Source rdamedia
338 ## - CARRIER TYPE
Carrier type term volume
Source rdacarrier
504 ## - BIBLIOGRAPHY, ETC. NOTE
Bibliography, etc. note Includes bibliographical references (pages 209-225) and index.
505 0# - FORMATTED CONTENTS NOTE
Formatted contents note Foreword -- Introduction -- Surfers, scammers, and the counterculture -- The Hippie trail -- Kuta beach -- Thai sticks -- Pattaya Beach ground zero -- The sea of grass -- The gold rush -- Pirates and perils -- Multitons and mother ships -- The Dea gains ground -- Conclusion -- Notes -- Bibliography -- Index.
520 ## - SUMMARY, ETC.
Summary, etc. Located on the left bank of the Chao Phya River, Thailand's capital, Krungthep, known as Bangkok to Westerners and "the City of Angels" to Thais, has been home to smugglers and adventurers since the late eighteenth century. During the 1970's, it became a modern Casablanca to a new generation of treasure seekers, from surfers looking to finance their endless summers to wide-eyed hippie true believers and lethal marauders left over from the Vietnam War. Moving a shipment of Thai sticks from northeast Thailand farms to American consumers meant navigating one of the most complex smuggling channels in the history of the drug trade. Many forget that until the mid-1970's, the vast majority of marijuana consumed in the United States was imported, and there was little to no domestic production. Peter Maguire and Mike Ritter are the first historians to document this underground industry, the only record of its existence rooted in the fading memories of its elusive participants. Drawing on hundreds of interviews with smugglers and law enforcement agents, the authors recount the buy, delivery, voyage home, and product offload. They capture the eccentric personalities of the men and women who transformed the Thai marijuana trade from a GI cottage industry into a professionalized business moving the world's most lucrative commodities, unraveling a rare history from the smugglers' perspective.
650 #0 - SUBJECT ADDED ENTRY--TOPICAL TERM
Topical term or geographic name entry element Marijuana industry
Geographic subdivision Thailand.
650 #0 - SUBJECT ADDED ENTRY--TOPICAL TERM
Topical term or geographic name entry element Drug traffic
Geographic subdivision Thailand
General subdivision History.
650 #0 - SUBJECT ADDED ENTRY--TOPICAL TERM
Topical term or geographic name entry element Smugglers
Geographic subdivision Thailand
Form subdivision Biography.
700 1# - ADDED ENTRY--PERSONAL NAME
Personal name Ritter, Mike.
Relator term Author
906 ## - LOCAL DATA ELEMENT F, LDF (RLIN)
a 7
b cbc
c orignew
d 1
e ecip
f 20
g y-gencatlg
942 ## - ADDED ENTRY ELEMENTS (KOHA)
Source of classification or shelving scheme Dewey Decimal Classification
Koha item type Books
Suppress in OPAC No
Holdings
Withdrawn status Lost status Source of classification or shelving scheme Damaged status Not for loan Collection Home library Current library Shelving location Date acquired Total Checkouts Full call number Barcode Date last seen Price effective from Koha item type
    Dewey Decimal Classification     Non-Fiction Footprints International School Library Network Toul Kork Campus Footprints International School Library Network Toul Kork Campus   02/20/2024   MAG 363.4509593 HD9019.M382 FISSE02592 02/20/2024 02/20/2024 Books